Прикладная дискретная математика. № 11: Труды Всероссийской конференции "XVII Сибирская научная школа-семинар с международным участием "Компьютерная безопасность и криптография" - SIBECRYPT'18" (Абакан, 3-8 сентября 2018 г.) (Запись № 11866535)
[ простой вид ]
| 000 -МАРКЕР | |
|---|---|
| контрольное поле | 01815nam2a2200301 4500 |
| 001 - ИДЕНТИФИКАТОР ЗАПИСИ | |
| контрольное поле | RU\NLR\BIBL_A\011799921 |
| 005 - ИДЕНТИФИКАТОР ВЕРСИИ | |
| контрольное поле | 20250626133211.0 |
| 035 ## - ДРУГИЕ СИСТЕМНЫЕ НОМЕРА | |
| Идентификатор записи | (NLR Aleph) 011799921 |
| 100 ## - ДАННЫЕ ОБЩЕЙ ОБРАБОТКИ | |
| Данные общей обработки | 20180927d2018 |||y0rusy50 ca |
| 101 0# - ЯЗЫК РЕСУРСА | |
| Язык текста, звукозаписи и т.д. | русский |
| Язык резюме | английский |
| 102 ## - СТРАНА ПУБЛИКАЦИИ ИЛИ ПРОИЗВОДСТВА | |
| Страна публикации | Российская Федерация |
| 105 ## - ПОЛЕ КОДИРОВАННЫХ ДАННЫХ: ТЕКСТОВЫЕ МАТЕРИАЛЫ, МОНОГРАФИЧЕСКИЕ | |
| Кодированные данные о монографическом текстовом документе | a z 000yy |
| 200 1# - ЗАГЛАВИЕ И СВЕДЕНИЯ ОБ ОТВЕТСТВЕННОСТИ | |
| Основное заглавие | Труды Всероссийской конференции "XVII Сибирская научная школа-семинар с международным участием "Компьютерная безопасность и криптография" - SIBECRYPT'18" (Абакан, 3-8 сентября 2018 г.) |
| 210 ## - ПУБЛИКАЦИЯ, РАСПРОСТРАНЕНИЕ И ДР. | |
| Дата издания, распространения и т.д. | 2018 |
| Место издания, распространения и т.д. | Б. м. |
| 215 ## - ФИЗИЧЕСКАЯ ХАРАКТЕРИСТИКА | |
| Специфическое обозначение материала и объем | 159 с. |
| Другие сведения о физической характеристике | ил. |
| Размеры | 29 |
| 300 ## - ОБЩИЕ ПРИМЕЧАНИЯ | |
| Текст примечания | Рез. на англ. яз. |
| 320 ## - ПРИМЕЧАНИЯ О НАЛИЧИИ В ДОКУМЕНТЕ БИБЛИОГРАФИИ / УКАЗАТЕЛЯ | |
| Текст примечания | Библиогр. в конце ст. |
| 461 #0 - УРОВЕНЬ НАБОРА | |
| Встроенное поле | 001RU\NLR\Per\638608 |
| -- | 2001#$aПрикладная дискретная математика$iПриложение$v№ 11 |
| Системный номер (АБИС) связанной записи | 3341790 |
| Место публикации | Томск |
| Дата публикации | 2009 - |
| Заглавие части | Приложение |
| Имя издателя, распространителя и т.д. | Томский государственный университет |
| Заглавие | Прикладная дискретная математика |
| Номер тома | № 11 |
| 606 1# - НАИМЕНОВАНИЕ ТЕМЫ КАК ПРЕДМЕТ | |
| Наименование темы | Компьютерная криптография |
| Формальный подзаголовок | Съезды, совещания и т.п |
| Системный номер авторитетной/нормативной записи | 2083062 |
| Идентификатор авторитетной/нормативной записи | RU\NLR\AUTH\661259110 |
| 606 1# - НАИМЕНОВАНИЕ ТЕМЫ КАК ПРЕДМЕТ | |
| Наименование темы | Компьютеры |
| Формальный подзаголовок | Съезды, совещания и т.п |
| Тематический подзаголовок | Безопасность |
| Системный номер авторитетной/нормативной записи | 2096141 |
| Идентификатор авторитетной/нормативной записи | RU\NLR\AUTH\661268243 |
| 686 1# - ИНДЕКСЫ ДРУГИХ КЛАССИФИКАЦИЙ | |
| Индекс | З973.2-082.03я431(2) |
| 710 12 - НАИМЕНОВАНИЕ ОРГАНИЗАЦИИ - ПЕРВИЧНАЯ ОТВЕТСТВЕННОСТЬ | |
| Начальный элемент ввода | "Компьютерная безопасность и криптография", сибирская научная школа-семинар с международным участием |
| Порядковый номер временной организации и / или порядковый номер ее части | 17 |
| Место проведения временной организации | Абакан |
| Дата проведения временной организации | 2018 |
| Системный номер авторитетной/нормативной записи | 625978 |
| Идентификатор авторитетной/нормативной записи | RU\NLR\AUTH\880482730 |
| 852 ## - МЕСТОНАХОЖДЕНИЕ И ШИФР ХРАНЕНИЯ | |
| Идентификатор организации | NLR |
| Шифр хранения (Call Number) | П8/1704 |
| 942 ## - ДОПОЛНИТЕЛЬНЫЕ ЭЛЕМЕНТЫ ЗАПИСИ (АБИС) | |
| Тип экземпляра АБИС | Выпуск |
| 980 ## - КОЛЛЕКЦИЯ | |
| Название коллекции | Национальная библиография |
| 980 ## - КОЛЛЕКЦИЯ | |
| Название коллекции | Русская периодика |
Нет доступных экземпляров.